000 00257nam a2200085Ia 4500
245 0 _aWilliam Shakespeare's A midsummer night's dream
100 _a Conner, Daniel Edina, MN, [c.2009]
_979301
942 _cBK
008 210818s9999 xx 000 0 und d
999 _c448398
_d448397